[Event "XIV Festival Conca della Presolana Magistrale"]
[Site "Bratto - Castione della Presolana ITA"]
[Date "1994.08.21"]
[Round "1"]
[White "Ciancarini, Paolo"]
[Black "Cazzaniga, Walter"]
[Result "0-1"]
[WhiteElo "1932"]
[BlackElo "2180"]
[PlyCount "86"]
[EventDate "1994.08.21"]

1. e4 e6 2. d4 d5 3. e5 c5 4. c3 Nc6 5. Nf3 Qb6 6. Bd3 Bd7 7. dxc5 Bxc5 8. O-O
a5 9. Nbd2 a4 10. b4 axb3 11. Nxb3 Be7 12. Qc2 h6 13. Be3 Qc7 14. Bd4 Rc8 15.
Qb1 Nxd4 16. cxd4 Ba3 17. Nc5 Bxc5 18. dxc5 Qxc5 19. Qxb7 Ne7 20. a4 Bc6 21.
Bb5 O-O 22. Bxc6 Nxc6 23. Rfc1 Qb4 24. Qa6 Qb2 25. Rcb1 Qc3 26. Rc1 Nb4 27. Qf1
Qb2 28. Rcb1 Qc3 29. Rc1 Nc2 30. Qd1 d4 31. Rab1 d3 32. Rb6 Rfd8 33. Rd6 Rxd6
34. exd6 Rd8 35. Ne5 Qxe5 36. Qxd3 Nd4 37. Rb1 Qxd6 38. a5 Rb8 39. Rc1 Qe5 40.
Rd1 Ne2+ 41. Kf1 Nc3 42. Rc1 Na2 43. Re1 Qxa5 0-1

[Event "XIV Festival Conca della Presolana Magistrale"]
[Site "Bratto - Castione della Presolana ITA"]
[Date "1994.08.21"]
[Round "1"]
[White "D'Apa, Stefano"]
[Black "Boldini, David"]
[Result "1/2-1/2"]
[WhiteElo "2205"]
[BlackElo "1953"]
[PlyCount "95"]
[EventDate "1994.08.21"]

1. d4 d5 2. Nf3 Nf6 3. Bf4 c6 4. c3 Qb6 5. Qb3 g6 6. e3 Nbd7 7. Be2 Bg7 8. Nbd2
O-O 9. Ne5 Re8 10. O-O Nxe5 11. Bxe5 Qxb3 12. axb3 Nd7 13. Bxg7 Kxg7 14. f4 Nf6
15. b4 Bd7 16. h3 h5 17. Nf3 a6 18. Bd3 Bf5 19. Ne5 Bxd3 20. Nxd3 Ne4 21. Kh2
Nd2 22. Rfe1 Nc4 23. e4 dxe4 24. Rxe4 Nd6 25. Re2 e6 26. Nc5 Kf6 27. Nd7+ Kg7
28. Nb6 Rad8 29. Rae1 Nf5 30. Nc4 Ne7 31. Na5 Rb8 32. g3 Nd5 33. Re4 Nf6 34.
Re5 Nd5 35. Kg2 h4 36. Nc4 Rh8 37. Kf3 hxg3 38. Kxg3 Ne7 39. Ne3 Nd5 40. Nxd5
cxd5 41. Ra1 Rh6 42. Kg2 Rh4 43. Kg3 Rbh8 44. Rh1 Kf6 45. Rh2 R4h5 46. Rxh5
Rxh5 47. Re2 Ke7 48. h4 1/2-1/2

[Event "XIV Festival Conca della Presolana Magistrale"]
[Site "Bratto - Castione della Presolana ITA"]
[Date "1994.08.21"]
[Round "1"]
[White "Everet, Alexandro"]
[Black "Righi, Ezio"]
[Result "1/2-1/2"]
[WhiteElo "1971"]
[BlackElo "2210"]
[PlyCount "82"]
[EventDate "1994.08.21"]

1. e4 e5 2. Nf3 Nc6 3. Bb5 a6 4. Bxc6 dxc6 5. h3 Qd6 6. d4 exd4 7. Qxd4 Qxd4 8.
Nxd4 Nf6 9. O-O Be7 10. Nc3 Bd7 11. Be3 O-O-O 12. Nde2 h5 13. Rad1 Nh7 14. Bd4
f6 15. f4 g6 16. Rd3 Rhg8 17. Rdf3 g5 18. fxg5 Nxg5 19. Re3 Ne6 20. Kh2 Nxd4
21. Nxd4 Bd6+ 22. Kh1 Be5 23. Nf3 Rg3 24. Rd3 Bd6 25. Nd2 Rg6 26. Rdf3 Rdg8 27.
R1f2 Bg3 28. Re2 Be6 29. Nf1 Bd6 30. Ne3 Be5 31. a3 b6 32. Ncd1 Rd8 33. Rf1 Bd4
34. c3 Be5 35. Nf2 Rg7 36. Rd1 Rxd1+ 37. Nfxd1 Rd7 38. Kg1 Bb3 39. Nf2 Bf4 40.
g4 h4 41. Kg2 Kd8 1/2-1/2

[Event "XIV Festival Conca della Presolana Magistrale"]
[Site "Bratto - Castione della Presolana ITA"]
[Date "1994.08.21"]
[Round "1"]
[White "Fabbri, Mario"]
[Black "Cividali, Emilio"]
[Result "0-1"]
[WhiteElo "2225"]
[BlackElo "1976"]
[PlyCount "74"]
[EventDate "1994.08.21"]

1. d4 d5 2. Nf3 Nf6 3. g3 Bf5 4. Bg2 e6 5. O-O Bd6 6. c4 Nc6 7. Nc3 Ne4 8. cxd5
Nxc3 9. bxc3 exd5 10. Qb3 Ne7 11. Qxb7 O-O 12. Nh4 Rb8 13. Qxa7 Bc2 14. c4 Nc6
15. Qa6 Rb6 16. Qxb6 cxb6 17. e3 Bd3 18. Bxd5 Bxf1 19. Kxf1 Ne7 20. Bf3 g5 21.
Ng2 Nf5 22. Rb1 Qf6 23. Ne1 Bc7 24. Ke2 Re8 25. Nd3 Qg6 26. Rb3 g4 27. Bb7 Qh5
28. Bd5 Ng7 29. Bd2 Ne6 30. Nf4 Nxf4+ 31. gxf4 Rd8 32. e4 Rd6 33. f5 Bd8 34.
Kf1 Qxh2 35. e5 Rxd5 36. cxd5 Qh1+ 37. Ke2 Qxd5 0-1

[Event "XIV Festival Conca della Presolana Magistrale"]
[Site "Bratto - Castione della Presolana ITA"]
[Date "1994.08.21"]
[Round "1"]
[White "Imbrogno, Rinaldo"]
[Black "Vivo, Mario"]
[Result "0-1"]
[WhiteElo "1902"]
[BlackElo "2164"]
[PlyCount "64"]
[EventDate "1994.08.21"]

1. e4 c5 2. Nc3 Nc6 3. f4 g6 4. Nf3 Bg7 5. Bc4 d6 6. O-O e6 7. f5 exf5 8. d3
Nge7 9. Qe1 h6 10. Qg3 Ne5 11. Nxe5 dxe5 12. Nd5 f4 13. Bxf4 exf4 14. Nxf4 O-O
15. Nxg6 Nxg6 16. Qxg6 Qd4+ 17. Kh1 Qxc4 18. Qxg7+ Kxg7 19. dxc4 Be6 20. b3
Rfd8 21. Rad1 Rxd1 22. Rxd1 Kf6 23. Kg1 Ke5 24. Kf2 Kxe4 25. Re1+ Kf4 26. g3+
Kf5 27. Ke3 Rd8 28. Rf1+ Ke5 29. a4 a5 30. Rb1 Bf5 31. Rf1 f6 32. Rf2 Rd1 0-1

[Event "XIV Festival Conca della Presolana Magistrale"]
[Site "Bratto - Castione della Presolana ITA"]
[Date "1994.08.21"]
[Round "1"]
[White "Luchsinger, Eric"]
[Black "Bascetta, Biagio"]
[Result "1-0"]
[WhiteElo "2200"]
[BlackElo "1902"]
[PlyCount "45"]
[EventDate "1994.08.21"]

1. d4 Nf6 2. Nf3 d6 3. c4 g6 4. Nc3 Bg7 5. e4 O-O 6. Be2 e5 7. d5 a5 8. Bg5 Na6
9. Nd2 h6 10. Bh4 Qe8 11. a3 Bd7 12. b3 Nh7 13. f3 f5 14. Rb1 f4 15. b4 axb4
16. axb4 g5 17. Bf2 Nf6 18. c5 Qg6 19. Nc4 Ne8 20. Ra1 Rd8 21. c6 Bc8 22. cxb7
Bxb7 23. Na5 1-0

[Event "XIV Festival Conca della Presolana Magistrale"]
[Site "Bratto - Castione della Presolana ITA"]
[Date "1994.08.21"]
[Round "1"]
[White "Marchini, Massimo"]
[Black "Gerundino, Nicola"]
[Result "1-0"]
[WhiteElo "2175"]
[BlackElo "1909"]
[PlyCount "83"]
[EventDate "1994.08.21"]

1. Nf3 d5 2. d4 Nf6 3. c4 e6 4. g3 Be7 5. Bg2 O-O 6. O-O Nbd7 7. b3 b6 8. Bb2
Bb7 9. Nc3 c5 10. cxd5 Nxd5 11. Rc1 Re8 12. Qd2 N7f6 13. Rfd1 Rc8 14. Ne5 Nxc3
15. Qxc3 Nd5 16. Qd2 cxd4 17. Bxd4 Bb4 18. Qb2 Qe7 19. Nc4 f6 20. a3 Bc5 21. b4
Bxd4 22. Rxd4 Red8 23. Rcd1 e5 24. Bxd5+ Bxd5 25. Rxd5 Rxd5 26. Rxd5 Rxc4 27.
Qd2 Rc7 28. Rd8+ Kf7 29. Qd5+ Kg6 30. h4 h6 31. Kg2 Kh7 32. h5 Qf7 33. Qe4+ f5
34. Qxe5 Re7 35. Qd5 Qxh5 36. Qg8+ Kg6 37. Rd6+ Kg5 38. Qh7 Qf7 39. f4+ Kh5 40.
Kf3 Qe8 41. Qxf5+ g5 42. Qh3# 1-0

[Event "XIV Festival Conca della Presolana Magistrale"]
[Site "Bratto - Castione della Presolana ITA"]
[Date "1994.08.21"]
[Round "1"]
[White "Moncelli, Giorgio"]
[Black "Lanzani, Mario"]
[Result "0-1"]
[WhiteElo "2011"]
[BlackElo "2320"]
[PlyCount "52"]
[EventDate "1994.08.21"]

1. c4 c6 2. Nf3 d5 3. b3 Bg4 4. Ne5 Bh5 5. g4 Bg6 6. Bb2 Be4 7. Rg1 f6 8. d3
Bg6 9. Nf3 e5 10. Nbd2 d4 11. Bg2 c5 12. Nh4 Nc6 13. Ne4 Bf7 14. Bc1 g6 15. Nf3
Be6 16. g5 f5 17. Ng3 Bd6 18. Qc2 Qc7 19. a3 Nge7 20. Bd2 Kf7 21. Bh1 Rab8 22.
Kf1 Qd7 23. h4 b5 24. Kg2 e4 25. dxe4 fxe4 26. Nxe4 Bh3# 0-1

[Event "XIV Festival Conca della Presolana Magistrale"]
[Site "Bratto - Castione della Presolana ITA"]
[Date "1994.08.21"]
[Round "1"]
[White "Nurkic, Sahbaz"]
[Black "Caruso, Daniele"]
[Result "1-0"]
[WhiteElo "2415"]
[BlackElo "2085"]
[PlyCount "67"]
[EventDate "1994.08.21"]

1. e4 e6 2. d4 d5 3. Nd2 Nf6 4. e5 Nfd7 5. Bd3 c5 6. c3 Nc6 7. Ne2 cxd4 8. cxd4
f6 9. exf6 Nxf6 10. O-O Bd6 11. Nf3 Qc7 12. Bg5 O-O 13. Rc1 Ng4 14. Ng3 g6 15.
Rc2 Bd7 16. Be2 Rae8 17. a3 Bf4 18. Bxf4 Qxf4 19. Bb5 Nce5 20. Bxd7 Nxd7 21.
Re2 Qh6 22. h3 Ngf6 23. Rfe1 Nb8 24. Qb3 Nc6 25. Qxb7 Na5 26. Qa6 Nc4 27. b3
Nb6 28. Qxa7 Nc8 29. Qa6 Nd7 30. Rxe6 Nb8 31. Qb5 Rxe6 32. Qxd5 Kh8 33. Rxe6
Qc1+ 34. Kh2 1-0

[Event "XIV Festival Conca della Presolana Magistrale"]
[Site "Bratto - Castione della Presolana ITA"]
[Date "1994.08.21"]
[Round "1"]
[White "Profumo, Alberto"]
[Black "Pagnoncelli, Marco"]
[Result "1-0"]
[WhiteElo "2106"]
[BlackElo "1900"]
[PlyCount "85"]
[EventDate "1994.08.21"]

1. Nf3 Nf6 2. g3 g6 3. d4 Bg7 4. Bg2 O-O 5. c4 c5 6. O-O d6 7. Nc3 Nc6 8. h3 a6
9. dxc5 dxc5 10. Be3 Qa5 11. Qb3 e5 12. Na4 Nd4 13. Nxd4 cxd4 14. Nb6 dxe3 15.
Nxa8 exf2+ 16. Rxf2 b5 17. cxb5 axb5 18. Qc3 Qa7 19. Qa3 Qb8 20. Raf1 Bb7 21.
Rxf6 Bxf6 22. Rxf6 Bxa8 23. Qxa8 Qxa8 24. Bxa8 Rxa8 25. Rb6 Rxa2 26. Rxb5 Kg7
27. Kf2 Kf6 28. Kf3 h5 29. Ke4 Ra6 30. Kd5 Re6 31. e4 Kg5 32. Rb7 Rf6 33. Rb3
Re6 34. Rf3 Re7 35. b4 f5 36. b5 h4 37. gxh4+ Kxh4 38. exf5 gxf5 39. Rxf5 e4
40. Rf4+ Kg5 41. Rxe4 Rd7+ 42. Kc6 Rd1 43. Rc4 1-0

[Event "XIV Festival Conca della Presolana Magistrale"]
[Site "Bratto - Castione della Presolana ITA"]
[Date "1994.08.21"]
[Round "1"]
[White "Rossi, Giampiero"]
[Black "Contin, Daniel"]
[Result "0-1"]
[WhiteElo "2205"]
[BlackElo "2425"]
[PlyCount "124"]
[EventDate "1994.08.21"]

1. d4 Nf6 2. c4 e6 3. Nc3 Bb4 4. Qc2 O-O 5. a3 Bxc3+ 6. Qxc3 b6 7. Nf3 Bb7 8.
g3 c5 9. dxc5 bxc5 10. Bg2 d6 11. O-O Nc6 12. Rd1 Qb6 13. Bd2 a5 14. Qc2 Rfd8
15. Bc3 e5 16. e3 a4 17. Rab1 Qa6 18. Nd2 Rab8 19. Ne4 Nxe4 20. Bxe4 Qxc4 21.
Bxh7+ Kf8 22. Bd3 Qe6 23. Bf5 Qh6 24. Qxa4 Ne7 25. Be4 d5 26. Bg2 d4 27. exd4
Bxg2 28. Kxg2 exd4 29. Bd2 Qe6 30. Re1 Qd5+ 31. Kg1 Ng6 32. Qd1 f6 33. f4 Rb3
34. Qg4 Kf7 35. Qe2 Rdb8 36. Bc1 R3b7 37. Bd2 Re7 38. Qg2 Rxe1+ 39. Bxe1 Qxg2+
40. Kxg2 Ke6 41. b3 Ne7 42. Kf3 c4 43. Bb4 cxb3 44. Ke4 Nc6 45. Rxb3 f5+ 46.
Kd3 Kd5 47. Rb2 g6 48. Re2 Ra8 49. Rb2 g5 50. Rc2 Nxb4+ 51. axb4 Ra3+ 52. Kd2
gxf4 53. gxf4 Rb3 54. Rc5+ Ke4 55. b5 Kxf4 56. Kc2 Rh3 57. b6 Rxh2+ 58. Kd3 Rb2
59. Rc4 Rxb6 60. Rxd4+ Kf3 61. Rd8 f4 62. Kd2 Kf2 0-1

[Event "XIV Festival Conca della Presolana Magistrale"]
[Site "Bratto - Castione della Presolana ITA"]
[Date "1994.08.21"]
[Round "1"]
[White "Zoldan, Matteo"]
[Black "Perissinotto, Claudio"]
[Result "1-0"]
[WhiteElo "1900"]
[BlackElo "2083"]
[PlyCount "53"]
[EventDate "1994.08.21"]

1. e4 Nf6 2. d3 d6 3. c4 g6 4. Nc3 c5 5. g3 Nc6 6. Bg2 Bg7 7. Nge2 O-O 8. O-O
Ne8 9. Be3 Nc7 10. h3 Ne6 11. a3 a6 12. Rb1 Ned4 13. b4 cxb4 14. axb4 b5 15. e5
Nxe2+ 16. Qxe2 Bd7 17. cxb5 axb5 18. d4 dxe5 19. dxe5 Bxe5 20. Nxb5 Rb8 21.
Rfd1 Qe8 22. Bh6 Bg7 23. Nc7 Qc8 24. Bxg7 Kxg7 25. Na6 Rb6 26. b5 Bxh3 27. Bxh3
1-0

[Event "XIV Festival Conca della Presolana Magistrale"]
[Site "Bratto - Castione della Presolana ITA"]
[Date "1994.08.22"]
[Round "2"]
[White "Bascetta, Biagio"]
[Black "Rossi, Giampiero"]
[Result "0-1"]
[WhiteElo "1902"]
[BlackElo "2205"]
[PlyCount "156"]
[EventDate "1994.08.21"]

1. d4 d5 2. Nf3 c6 3. c3 Bf5 4. e3 e6 5. Bd3 Nf6 6. Bxf5 exf5 7. O-O Bd6 8.
Nbd2 O-O 9. Re1 Nbd7 10. Nf1 Re8 11. Ng3 g6 12. Bd2 Ne4 13. Re2 Ndf6 14. Be1 a5
15. Rc1 Qe7 16. Nxe4 fxe4 17. Nd2 a4 18. Nf1 a3 19. b3 Nh5 20. c4 f5 21. cxd5
cxd5 22. Rec2 f4 23. Qg4 Qe6 24. Qxe6+ Rxe6 25. Rc8+ Re8 26. Rxa8 Rxa8 27. Nd2
Kf7 28. h3 Ke6 29. Kf1 fxe3 30. fxe3 Rf8+ 31. Ke2 Ng3+ 32. Kd1 Nf5 33. Ke2 Ne7
34. Nb1 Nc6 35. Bd2 h5 36. Rf1 Rf5 37. Rxf5 gxf5 38. Bc1 Nb4 39. Bxa3 Nxa2 40.
Bxd6 Kxd6 41. g3 Nc1+ 42. Kd2 Nxb3+ 43. Ke1 Na5 44. Nc3 Nc4 45. Kf2 Kc6 46. Na2
b5 47. Nb4+ Kd6 48. Ke2 Na5 49. Kd2 Nc4+ 50. Ke2 Ke6 51. h4 Kd6 52. Nc2 Ke7 53.
Nb4 Ke6 54. Nc2 Kd6 55. Nb4 Na5 56. Kd2 Nc6 57. Kc3 Ne7 58. Nc2 f4 59. gxf4 Nf5
60. Kd2 Nxh4 61. Ke2 Nf5 62. Kf2 Ke6 63. Kg2 b4 64. Nxb4 Nxe3+ 65. Kh3 Nf5 66.
Nc2 e3 67. Kg2 h4 68. Kh3 e2 69. Ne1 Nxd4 70. Kxh4 Kf5 71. Kg3 Ne6 72. Kf3 Nxf4
73. Ke3 Kg4 74. Nc2 Kg3 75. Ne1 d4+ 76. Kxd4 Kf2 77. Nc2 Ng2 78. Kc3 Ne3 0-1

[Event "XIV Festival Conca della Presolana Magistrale"]
[Site "Bratto - Castione della Presolana ITA"]
[Date "1994.08.22"]
[Round "2"]
[White "Boldini, David"]
[Black "Everet, Alexandro"]
[Result "0-1"]
[WhiteElo "1953"]
[BlackElo "1971"]
[PlyCount "112"]
[EventDate "1994.08.21"]

1. d4 d5 2. Nf3 e6 3. g3 c5 4. Bg2 Nc6 5. O-O cxd4 6. Nxd4 Bc5 7. Nxc6 bxc6 8.
c4 Nf6 9. Qa4 Bd7 10. Qc2 Rc8 11. Nc3 O-O 12. Na4 Bb6 13. Nxb6 axb6 14. Bf4 Qe7
15. Qb3 b5 16. cxb5 cxb5 17. Bd2 Rc4 18. Rfc1 Rfc8 19. Qd3 h6 20. b3 Rxc1+ 21.
Rxc1 Rxc1+ 22. Bxc1 Qc5 23. Be3 Qc7 24. Bd4 Qc1+ 25. Bf1 e5 26. Qc3 Qxc3 27.
Bxc3 d4 28. Ba5 Nd5 29. a3 Bf5 30. e4 Bxe4 31. Bxb5 Nc3 32. Bc4 Nb1 33. f3 Bxf3
34. Bd3 Nxa3 35. Bb4 Bd5 36. Bxa3 Bxb3 37. Kf2 Bd5 38. Bd6 e4 39. Be2 g6 40.
Be5 d3 41. Bd1 f5 42. Ke3 Kf7 43. Kd4 Ba2 44. Ba4 Be6 45. Bd1 Ba2 46. Bf4 g5
47. Bd2 Kf6 48. Bh5 Bb3 49. Bc3 Ke6 50. Ke3 Ba4 51. Bg7 f4+ 52. gxf4 gxf4+ 53.
Kd2 Bb5 54. Bxh6 Kf5 55. Ke1 e3 56. Bf3 d2+ 0-1

[Event "XIV Festival Conca della Presolana Magistrale"]
[Site "Bratto - Castione della Presolana ITA"]
[Date "1994.08.22"]
[Round "2"]
[White "Campini, Marco"]
[Black "Ciancarini, Paolo"]
[Result "1-0"]
[WhiteElo "2060"]
[BlackElo "1932"]
[PlyCount "101"]
[EventDate "1994.08.21"]

1. e4 c5 2. Nf3 d6 3. d4 cxd4 4. Nxd4 Nf6 5. Nc3 a6 6. a4 e5 7. Nb3 Be6 8. Bg5
Be7 9. Be2 O-O 10. Bxf6 Bxf6 11. Bg4 Nc6 12. O-O Bxg4 13. Qxg4 Nb4 14. Rad1
Nxc2 15. Nd5 a5 16. Nd2 Nd4 17. Nc4 Ra6 18. Rd3 g6 19. f4 exf4 20. Qd1 Ne6 21.
Nxd6 Bd4+ 22. Rxd4 Nxd4 23. Nxb7 Qa8 24. Ne7+ Kg7 25. Qxd4+ f6 26. Nc5 Qa7 27.
Ne6+ Kf7 28. Qxa7 Rxa7 29. Nc6 Ra6 30. Nxf8 Rxc6 31. Nd7 Ke6 32. Rd1 Rc2 33. b3
h5 34. Rd5 g5 35. Nc5+ Kf7 36. Nb7 Re2 37. Rd4 g4 38. Kf1 Rb2 39. Nxa5 Rb1+ 40.
Kf2 Rb2+ 41. Kf1 Rb1+ 42. Ke2 Rh1 43. h3 g3 44. Rd2 Rg1 45. Nc4 Kg6 46. h4 Rh1
47. e5 Rxh4 48. e6 Rh1 49. Nd6 Rg1 50. e7 Rxg2+ 51. Kf3 1-0

[Event "XIV Festival Conca della Presolana Magistrale"]
[Site "Bratto - Castione della Presolana ITA"]
[Date "1994.08.22"]
[Round "2"]
[White "Caruso, Daniele"]
[Black "Imbrogno, Rinaldo"]
[Result "1/2-1/2"]
[WhiteElo "2085"]
[BlackElo "1902"]
[PlyCount "136"]
[EventDate "1994.08.21"]

1. e4 d6 2. d4 Nf6 3. Nc3 c6 4. Nf3 Bg4 5. h3 Bxf3 6. Qxf3 e6 7. Bg5 Be7 8.
O-O-O d5 9. e5 Nfd7 10. Bxe7 Qxe7 11. Qg3 O-O 12. f4 f5 13. exf6 Qxf6 14. Ne2
c5 15. Qe3 cxd4 16. Nxd4 Nc5 17. g3 Nbd7 18. Bg2 Nb6 19. b3 Rac8 20. Rhe1 Rfe8
21. Kb1 Na6 22. Nb5 Nb4 23. Rd2 Rc6 24. Nxa7 Na4 25. bxa4 Ra6 26. Qd4 Qf8 27.
Nb5 Rxa4 28. Nc7 Nxa2 29. Nxe8 Rxd4 30. Rxd4 Nc3+ 31. Kc1 Qc5 32. Rd3 Kf7 33.
Nxg7 Kxg7 34. Rde3 Na2+ 35. Kd2 Qb4+ 36. Ke2 Qc4+ 37. Kf3 Nb4 38. Rxe6 Nxc2 39.
Re7+ Kf8 40. Re8+ Kf7 41. R1e7+ Kf6 42. Re6+ Kf7 43. Kg4 d4 44. Kg5 h6+ 45.
Kxh6 Qxe6+ 46. Rxe6 Kxe6 47. Bxb7 d3 48. Be4 Ne1 49. Kg6 Ke7 50. Bf5 Kf8 51. h4
d2 52. Bg4 Ng2 53. h5 Ne3 54. Bf3 d1=Q 55. Bxd1 Nxd1 56. h6 Kg8 57. f5 Nf2 58.
f6 Ng4 59. Kg5 Ne5 60. g4 Kh7 61. Kf5 Nf7 62. g5 Nh8 63. Ke6 Kg6 64. h7 Kxh7
65. Kf5 Ng6 66. f7 Kg7 67. Ke6 Nf8+ 68. Ke7 Ng6+ 1/2-1/2

[Event "XIV Festival Conca della Presolana Magistrale"]
[Site "Bratto - Castione della Presolana ITA"]
[Date "1994.08.22"]
[Round "2"]
[White "Cazzaniga, Walter"]
[Black "Bresciani, Nicola"]
[Result "0-1"]
[WhiteElo "2180"]
[BlackElo "2315"]
[PlyCount "48"]
[EventDate "1994.08.21"]

1. d4 Nf6 2. c4 e6 3. Nf3 b6 4. g3 Ba6 5. b3 Bb4+ 6. Bd2 Be7 7. Bg2 c6 8. Qc2
d5 9. O-O O-O 10. Rd1 Nbd7 11. Bf4 Rc8 12. Nbd2 c5 13. dxc5 Bxc5 14. h3 Nh5 15.
Ng5 g6 16. Ndf3 Nxf4 17. gxf4 Qe7 18. h4 h6 19. Nh3 b5 20. Qd2 bxc4 21. bxc4
Bxc4 22. Ne5 Nxe5 23. fxe5 Qxh4 24. e3 Rfd8 0-1

[Event "XIV Festival Conca della Presolana Magistrale"]
[Site "Bratto - Castione della Presolana ITA"]
[Date "1994.08.22"]
[Round "2"]
[White "Cividali, Emilio"]
[Black "Nurkic, Sahbaz"]
[Result "1/2-1/2"]
[WhiteElo "1976"]
[BlackElo "2415"]
[PlyCount "105"]
[EventDate "1994.08.21"]

1. d4 Nf6 2. c4 g6 3. Nf3 Bg7 4. g3 O-O 5. Bg2 d6 6. O-O Nc6 7. Nc3 e5 8. dxe5
dxe5 9. Qxd8 Rxd8 10. Bg5 Be6 11. Nd2 h6 12. Bxf6 Bxf6 13. Nd5 Bxd5 14. Bxd5
Nb4 15. Ne4 Be7 16. Nc3 c6 17. Bg2 Rd4 18. Rfd1 Rad8 19. a3 Na6 20. Rxd4 Rxd4
21. e3 Rd2 22. b4 Rc2 23. Na4 Rxc4 24. Bf1 Rc2 25. Bd3 Rd2 26. Bxa6 bxa6 27.
Rc1 a5 28. bxa5 Rd5 29. Rxc6 Rxa5 30. Nb2 Rxa3 31. Nc4 Ra1+ 32. Kg2 f6 33. Nd6
Bxd6 34. Rxd6 Kf7 35. h4 e4 36. Rd4 f5 37. g4 Ke6 38. h5 g5 39. gxf5+ Kxf5 40.
Rd6 Kg4 41. Rxh6 a5 42. Rh8 a4 43. h6 Kh5 44. h7 Kg6 45. Re8 Kxh7 46. Rxe4 a3
47. Re5 a2 48. Ra5 g4 49. Ra6 Kg7 50. e4 Kf7 51. e5 Ke7 52. Kh2 Kd7 53. Kg2
1/2-1/2

[Event "XIV Festival Conca della Presolana Magistrale"]
[Site "Bratto - Castione della Presolana ITA"]
[Date "1994.08.22"]
[Round "2"]
[White "Contin, Daniel"]
[Black "Marchini, Massimo"]
[Result "1/2-1/2"]
[WhiteElo "2425"]
[BlackElo "2175"]
[PlyCount "120"]
[EventDate "1994.08.21"]

1. c4 Nf6 2. Nc3 g6 3. g3 Bg7 4. Bg2 c5 5. e3 O-O 6. Nge2 d6 7. d4 Nc6 8. h3 a6
9. O-O Rb8 10. b3 Bd7 11. Bb2 Qc8 12. Kh2 b5 13. cxb5 axb5 14. dxc5 dxc5 15.
Qc1 Nb4 16. Rd1 Bc6 17. e4 Rd8 18. Qe3 Nd7 19. Rd2 c4 20. Ba3 Nd3 21. Bxe7 Re8
22. Bd6 Rb6 23. bxc4 bxc4 24. Rb1 Rxb1 25. Nxb1 Qa8 26. f3 f5 27. Na3 fxe4 28.
f4 Bd5 29. Nd4 Qa6 30. Ndb5 Re6 31. Be5 N7xe5 32. Nc7 Qxa3 33. fxe5 Rxe5 34.
Nxd5 Rxd5 35. Qxe4 Rd4 36. Qe6+ Kh8 37. Re2 Qf8 38. Bd5 Nb4 39. Bxc4 Rd8 40. a4
Rd6 41. Qe3 Nc6 42. Bb5 Nd4 43. Rf2 Rf6 44. Rxf6 Qxf6 45. h4 h5 46. Bd3 Nf5 47.
Qe8+ Kh7 48. Qe2 Qb2 49. Qxb2 Bxb2 50. Kh3 Ne3 51. a5 Bd4 52. a6 Ba7 53. Be2
Kh6 54. Bf3 Bb8 55. Be2 Kg7 56. Bf3 Kf6 57. g4 hxg4+ 58. Bxg4 Ke5 59. Bf3 Kf4
60. h5 gxh5 1/2-1/2

[Event "XIV Festival Conca della Presolana Magistrale"]
[Site "Bratto - Castione della Presolana ITA"]
[Date "1994.08.22"]
[Round "2"]
[White "Cugini, Verter"]
[Black "Amedeo, Riccardo"]
[Result "1-0"]
[WhiteElo "2260"]
[BlackElo "1876"]
[PlyCount "81"]
[EventDate "1994.08.21"]

1. e4 c5 2. g3 d6 3. Bg2 Nf6 4. Ne2 g6 5. d4 cxd4 6. Nxd4 Bg7 7. O-O O-O 8. Nc3
Qb6 9. Nb3 Bg4 10. Qe1 Nc6 11. h3 Bd7 12. Be3 Qa6 13. f4 Rac8 14. Rf2 Na5 15.
Bf1 Nc4 16. Nd2 b5 17. Nxc4 bxc4 18. Bd4 Qb7 19. Rd1 Rfe8 20. e5 dxe5 21. fxe5
Nd5 22. Nxd5 Qxd5 23. Bxa7 Qe6 24. Bd4 Ra8 25. a3 Red8 26. Bc3 Bc6 27. Rxd8+
Rxd8 28. Qe2 Bh6 29. Kh2 Bd5 30. Bg2 Bg7 31. Bxd5 Rxd5 32. Qxc4 Bxe5 33. Bxe5
Qxe5 34. b4 e6 35. Qf4 Qxf4 36. gxf4 Kg7 37. c4 Rd3 38. c5 Rxa3 39. Rc2 Kf8 40.
c6 Ke7 41. c7 1-0

[Event "XIV Festival Conca della Presolana Magistrale"]
[Site "Bratto - Castione della Presolana ITA"]
[Date "1994.08.22"]
[Round "2"]
[White "Gaido, Paolo"]
[Black "D'Apa, Stefano"]
[Result "1-0"]
[WhiteElo "2095"]
[BlackElo "2205"]
[PlyCount "89"]
[EventDate "1994.08.21"]

1. Nf3 Nf6 2. c4 c5 3. Nc3 Nc6 4. d4 cxd4 5. Nxd4 g6 6. g3 Bg7 7. Bg2 O-O 8.
O-O Qb6 9. Nc2 d6 10. b3 Bd7 11. Bb2 Rac8 12. Ne3 Qd8 13. Qd2 Ne8 14. Ncd5 Bxb2
15. Qxb2 e6 16. Nf4 f5 17. Rad1 Qf6 18. Qxf6 Rxf6 19. Rd2 Nd8 20. Rfd1 Bc6 21.
Nc2 g5 22. Nd3 Rc7 23. Ne5 Bxg2 24. Kxg2 Nf7 25. Nxf7 Rcxf7 26. e3 f4 27. g4 b5
28. e4 bxc4 29. bxc4 h5 30. e5 dxe5 31. Re1 f3+ 32. Kh1 Rf4 33. Rxe5 Rxg4 34.
Ne3 Rb7 35. Rd1 Nf6 36. Nxg4 Nxg4 37. Rxg5+ Kf7 38. Kg1 Rb2 39. Rf1 Rxa2 40.
Rxh5 Kg6 41. Rc5 a5 42. h3 Nf6 43. Re1 Nd7 44. Rc7 Re2 45. Kf1 1-0

[Event "XIV Festival Conca della Presolana Magistrale"]
[Site "Bratto - Castione della Presolana ITA"]
[Date "1994.08.22"]
[Round "2"]
[White "Gerundino, Nicola"]
[Black "Fabbri, Mario"]
[Result "0-1"]
[WhiteElo "1909"]
[BlackElo "2225"]
[PlyCount "86"]
[EventDate "1994.08.21"]

1. e4 e5 2. Nf3 Nc6 3. Bb5 Nf6 4. d3 d6 5. Nc3 g6 6. O-O Bg7 7. h3 O-O 8. Be3
a6 9. Ba4 b5 10. Bb3 Na5 11. Qd2 Nxb3 12. axb3 c6 13. Bh6 Bb7 14. Ne2 Ne8 15.
Bxg7 Nxg7 16. Ng3 c5 17. Qh6 f6 18. Nh4 Rf7 19. f4 exf4 20. Ne2 Ne6 21. Nf3 Qf8
22. Qh4 g5 23. Qf2 d5 24. exd5 Bxd5 25. Nc3 Qd6 26. Rfe1 Bb7 27. Ne4 Qc6 28.
Re2 Rd8 29. Rae1 Nd4 30. Nxd4 Rxd4 31. Nc3 Qd7 32. Re6 Kg7 33. Qe2 f3 34. gxf3
Qc7 35. Qg2 h6 36. Ne4 Bc8 37. Re8 Bd7 38. Ra8 Qb7 39. Rd8 Qb6 40. c3 Rxd3 41.
Ra8 Bc6 42. Rc8 c4+ 43. Kh1 Qb7 0-1

[Event "XIV Festival Conca della Presolana Magistrale"]
[Site "Bratto - Castione della Presolana ITA"]
[Date "1994.08.22"]
[Round "2"]
[White "Lanzani, Mario"]
[Black "Luchsinger, Eric"]
[Result "0-1"]
[WhiteElo "2320"]
[BlackElo "2200"]
[PlyCount "47"]
[EventDate "1994.08.21"]

1. e4 e5 2. f4 exf4 3. Nf3 d6 4. d4 g5 5. h4 g4 6. Ng1 f5 7. exf5 Qe7+ 8. Be2
Bxf5 9. Nc3 Bh6 10. Kf2 Nf6 11. Bd3 Bxd3 12. Qxd3 O-O 13. Nge2 g3+ 14. Kg1 Nh5
15. Qf3 Qf7 16. Ne4 Nc6 17. Ng5 Qg6 18. Nxf4 Qxc2 19. Ngh3 Rae8 20. Be3 Rxe3
21. Qxe3 Bxf4 22. Nxf4 Nxf4 23. Qxg3+ Kh8 24. Rh2 0-1

[Event "XIV Festival Conca della Presolana Magistrale"]
[Site "Bratto - Castione della Presolana ITA"]
[Date "1994.08.22"]
[Round "2"]
[White "Oppici, Gabriele"]
[Black "Perissinotto, Claudio"]
[Result "1/2-1/2"]
[WhiteElo "2005"]
[BlackElo "2083"]
[PlyCount "59"]
[EventDate "1994.08.21"]

1. d4 d5 2. Nf3 Nf6 3. e3 e6 4. Bd3 c5 5. c3 Nbd7 6. Nbd2 Bd6 7. O-O O-O 8. e4
cxd4 9. cxd4 dxe4 10. Nxe4 Nxe4 11. Bxe4 Nf6 12. Bd3 b6 13. Bg5 Bb7 14. Rc1 Be7
15. Re1 Nd5 16. Bd2 Qd6 17. Ne5 Rac8 18. Rxc8 Bxc8 19. Qf3 Bf6 20. Qh3 g6 21.
Bh6 Rd8 22. Ng4 Bxd4 23. Bg5 f6 24. Nh6+ Kg7 25. Nf7 e5 26. Qh6+ Kxf7 27. Qxh7+
Ke6 28. Qh3+ Kf7 29. Qh7+ Ke6 30. Qh3+ 1/2-1/2